000 00200 a2200097 4500
020 _a9780262671057
041 _aeng
100 _aGaffin, Adam
245 _aEverybodys guide to the internet
942 _cBK
999 _c7759
_d7759